La figura humana (Record no. 179877)

MARC details
000 -LEADER
campo de control de longitud fija 01170nam a2200301 i 4500
001 - NÚMERO DE CONTROL
campo de control 179877
003 - IDENTIFICADOR DE NÚMERO DE CONTROL
campo de control ES-MaACL
005 - FECHA Y HORA DE LA ÚLTIMA TRANSACCIÓN
campo de control 20251123063310.0
008 - DATOS DE LONGITUD FIJA--INFORMACIÓN GENERAL
campo de control de longitud fija 120216s1998 sp aco |||| |dspa d
080 ## - NÚMERO DE LA CLASIFICACIÓN DECIMAL UNIVERSAL
Número de la Clasificación Decimal Universal 75Delgado, Guillermo(083.824)
080 ## - NÚMERO DE LA CLASIFICACIÓN DECIMAL UNIVERSAL
Número de la Clasificación Decimal Universal 75Quetglas, Matías(083.824)
080 ## - NÚMERO DE LA CLASIFICACIÓN DECIMAL UNIVERSAL
Número de la Clasificación Decimal Universal 75Saura, Antonio(083.824)
100 1# - ENTRADA PRINCIPAL--NOMBRE DE PERSONA
Nombre de persona Delgado, Guillermo,
Fechas asociadas al nombre 1930-
9 (RLIN) 149383
245 13 - MENCIÓN DEL TÍTULO
Título La figura humana
Resto del título : pinturas : desde el 4 de febrero al 7 de marzo de 1998 /
Mención de responsabilidad, etc. Guillermo Delgado, Matías Quetglas, Antonio Saura.
260 ## - PUBLICACIÓN, DISTRIBUCIÓN, ETC.
Lugar de publicación, distribución, etc. Madrid :
Nombre del editor, distribuidor, etc. Galería de Arte Juan Gris,
Fecha de publicación, distribución, etc. [1998]
300 ## - DESCRIPCIÓN FÍSICA
Extensión [24] p. :
Otras características físicas principalmente il. col. ;
Dimensiones 20 x 20 cm.
600 17 - PUNTO DE ACCESO ADICIONAL DE MATERIA--NOMBRE DE PERSONA
Nombre de persona Delgado, Guillermo,
Fechas asociadas al nombre 1930-
Subdivisión de forma Exposiciones
Fuente del encabezamiento o término
9 (RLIN) 149385
600 14 - PUNTO DE ACCESO ADICIONAL DE MATERIA--NOMBRE DE PERSONA
Nombre de persona Quetglas, Matías-
Subdivisión de forma Exposiciones.
9 (RLIN) 94587
600 14 - PUNTO DE ACCESO ADICIONAL DE MATERIA--NOMBRE DE PERSONA
Nombre de persona Saura, Antonio-
Subdivisión de forma Exposiciones.
9 (RLIN) 103995
650 #4 - PUNTO DE ACCESO ADICIONAL DE MATERIA--TÉRMINO DE MATERIA
Término de materia o nombre geográfico como elemento de entrada Cuerpo humano-
Subdivisión general En el arte-
Subdivisión de forma Exposiciones.
9 (RLIN) 149384
655 #7 - TERMINO DE INDIZACIÓN--GENERO/FORMA
Fuente del término tgfbne
9 (RLIN) 193628
Datos o término principal de género/forma Catálogos de exposiciones
700 1# - ENTRADA AGREGADA--NOMBRE PERSONAL
Nombre de persona Quetglas, Matías.
9 (RLIN) 94586
700 1# - ENTRADA AGREGADA--NOMBRE PERSONAL
Nombre de persona Saura, Antonio.
9 (RLIN) 103994
710 2# - ENTRADA AGREGADA--NOMBRE DE ENTIDAD CORPORATIVA
Nombre de entidad corporativa o nombre de jurisdicción como elemento de entrada Galería Juan Gris.
9 (RLIN) 171351
852 ## - LOCALIZACIÓN
Ubicación ES-MaACL
Número de control de estantería 2292-F-1
942 ## - ELEMENTOS DE ENTRADA SECUNDARIOS (KOHA)
Fuente del sistema de clasificación o colocación Clasificación decimal universal
Holdings
Estatus retirado Estado de pérdida Estado de daño No para préstamo Colección Biblioteca de origen Biblioteca actual Ubicación en estantería Fecha de adquisición Fuente de adquisición Total de préstamos Signatura topográfica completa Código de barras Visto por última vez Precio de reemplazo Tipo de ítem Koha
        Colección de folletos Biblioteca del Ateneo de Madrid Biblioteca del Ateneo de Madrid Depósito folletos 16/02/2012     2292-F-1 1188971 23/02/2023 23/02/2023 Folleto